| 000 | 00876nmm a2200313 a 4500 | ||
|---|---|---|---|
| 003 | AR-X00000XY | ||
| 005 | 20251128211915.0 | ||
| 008 | 137020s1987 ||||||||||||||000 | spa|| | ||
| 020 | _a958-612-052-X | ||
| 040 | _cAR-X00000XY | ||
| 100 | 1 | _aFranco Salamanca, Germán | |
| 245 | 1 | 0 | _aTemplo de Santa Clara Bogotá |
| 250 | _a1ª ed. | ||
| 260 |
_aBogotá _bColcultura _c1987 |
||
| 300 | 0 |
_a209 p. _bil., fot. |
|
| 500 | 0 | _aDonación de la Embajada de Colombia en Buenos Aires | |
| 504 | _aContiene bibliografía en p. 207-209 | ||
| 650 | 4 | _aPATRIMONIO CULTURAL | |
| 650 | 4 | _aEDIFICIOS RELIGIOSOS | |
| 650 | 4 | _aPRESERVACION DE LOS MONUMENTOS | |
| 650 | 4 | _aHISTORIA LATINOAMERICANA | |
| 650 | 4 | _aARQUITECTURA | |
| 650 | 4 | _aARTE RELIGIOSO | |
| 651 | 4 | _aColombia | |
| 651 | 4 | _aBogotá | |
| 653 | 0 | _aHISTORIA COLOMBIANA | |
| 942 | _cBK | ||
| 998 | _cNancy | ||
| 999 |
_c21570 _d21570 |
||